Actas del Congreso Internacional sobre Semiótica e Hispanismo celebrado en Madrid en... Junio de 1983 / (Record no. 46616)

MARC details
000 -LEADER
campo de control de longitud fija 01119nam a2200265 i 4500
001 - NÚMERO DE CONTROL
campo de control 46616
003 - IDENTIFICADOR DE NÚMERO DE CONTROL
campo de control ES-MaACL
005 - FECHA Y HORA DE LA ÚLTIMA TRANSACCIÓN
campo de control 20230906161423.0
007 - CAMPO FIJO DE DESCRIPCIÓN FÍSICA--INFORMACIÓN GENERAL
campo de control de longitud fija t|
008 - DATOS DE LONGITUD FIJA--INFORMACIÓN GENERAL
campo de control de longitud fija 030331m19841986sp ||||1| spa d
080 ## - NÚMERO DE LA CLASIFICACIÓN DECIMAL UNIVERSAL
Número de la Clasificación Decimal Universal 84-00-05867-4
111 2# - ENTRADA PRINCIPAL--NOMBRE DE CONGRESO/REUNIÓN
Nombre de congreso/reunión o jurisdicción como elemento de entrada Congreso Internacional sobre Semiótica e Hispanismo (
Fecha del congreso o de la firma del tratado 1983.
Sede del congreso/Lugar de la reunión Madrid)
9 (RLIN) 484
245 10 - MENCIÓN DEL TÍTULO
Título Actas del Congreso Internacional sobre Semiótica e Hispanismo celebrado en Madrid en... Junio de 1983 /
Mención de responsabilidad, etc. Miguel Angel Garrido Gallardo (ed.).
260 ## - PUBLICACIÓN, DISTRIBUCIÓN, ETC.
Lugar de publicación, distribución, etc. [Madrid] :
Nombre del editor, distribuidor, etc. Consejo Superior de Investigaciones Científicas,
Fecha de publicación, distribución, etc. [1984-86]
300 ## - DESCRIPCIÓN FÍSICA
Extensión 2 v. (923,949 p.) ;
Dimensiones 25 cm.
500 ## - NOTA GENERAL
Nota general Indice.
504 ## - NOTA DE BIBLIOGRAFÍA, ETC.
Nota de bibliografía, etc. Bibliografía.
505 8# - NOTA DE CONTENIDO CON FORMATO
Nota de contenido con formato Contiene: V. I: Teoría semiótica ; Leguajes y textos hispánicos. -- V. II: Crítica seiológica de textos literarios hispánicos
700 1# - ENTRADA AGREGADA--NOMBRE PERSONAL
Nombre de persona Garrido Gallardo, Miguel Ángel.
9 (RLIN) 55701
740 0# - ENTRADA AGREGADA--TÍTULO RELACIONADO/ANALÍTICO NO CONTROLADO
Título relacionado o analítico no controlado Teoría semiótica.
740 0# - ENTRADA AGREGADA--TÍTULO RELACIONADO/ANALÍTICO NO CONTROLADO
Título relacionado o analítico no controlado Lenguajes y textos hispánicos.
740 0# - ENTRADA AGREGADA--TÍTULO RELACIONADO/ANALÍTICO NO CONTROLADO
Título relacionado o analítico no controlado Crítica semiológica de textos literarios hispánicos.
852 ## - LOCALIZACIÓN
Ubicación ES-MaACL
Número de control de estantería L-11382-3
Sublocalización o colección R.113111
852 ## - LOCALIZACIÓN
Ubicación ES-MaACL
Número de control de estantería L-11384-5
Sublocalización o colección R.112382
Holdings
Estatus retirado Estado de pérdida Estado de daño No para préstamo Biblioteca de origen Biblioteca actual Ubicación en estantería Fecha de adquisición Fuente de adquisición Total de préstamos Signatura topográfica completa Código de barras Visto por última vez Precio de reemplazo Tipo de ítem Koha
        Biblioteca del Ateneo de Madrid Biblioteca del Ateneo de Madrid Depósito 2 17/01/2008     L-11384-5 1049028 23/02/2023 23/02/2023 Libro impreso
        Biblioteca del Ateneo de Madrid Biblioteca del Ateneo de Madrid Depósito 2 17/01/2008     L-11382-3 1049027 23/02/2023 23/02/2023 Libro impreso